Analyzing Requirements and Defining Microsoft. Net: Solution Architectures (Record no. 5951)

MARC details
005 - DATE AND TIME OF LATEST TRANSACTION
control field 20250628102240.0
082 ## - DEWEY DECIMAL CLASSIFICATION NUMBER
Classification number 005.4 MIC
245 ## - TITLE STATEMENT
Title Analyzing Requirements and Defining Microsoft. Net: Solution Architectures
260 ## - PUBLICATION, DISTRIBUTION, ETC.
Place of publication, distribution, etc. New York
Name of publisher, distributor, etc. Microsoft Press
Date of publication, distribution, etc. 2003
300 ## - PHYSICAL DESCRIPTION
Extent xxv,490p.:ill.
Other physical details Index
Dimensions 23cm.
942 ## - ADDED ENTRY ELEMENTS (KOHA)
Source of classification or shelving scheme Dewey Decimal Classification
Koha item type Books
Holdings
Date last seen Total checkouts Full call number Barcode Cost, replacement price Price effective from Koha item type Lost status Source of classification or shelving scheme Damaged status Not for loan Withdrawn status Home library Current library Shelving location Date acquired Source of acquisition Cost, normal purchase price
06/28/2025   005.4 MIC DOM0002452 150000.00 06/28/2025 Books   Dewey Decimal Classification       CBE Dodoma CBE Dodoma General Collection 01/07/2006 Library budget 50000.00